Online
Catalog

Los ministros de la Audencia de Lima en el Reinado de los Borbones (1700-1821) : (Record no. 41219)

MARC details
000 -CABECERA
campo de control de longitud fija 00870nam a2200193 a 4500
001 - NÚMERO DE CONTROL
campo de control 000041730
005 - FECHA Y HORA DE LA ÚLTIMA TRANSACCIÓN
campo de control 20201002035725.0
008 - DATOS DE LONGITUD FIJA--INFORMACIÓN GENERAL
campo de control de longitud fija 131016s1974 sp a 000 0 spa d
020 ## - NÚMERO INTERNACIONAL ESTÁNDAR DEL LIBRO
Número Internacional Estándar del Libro 8400039947
040 ## - FUENTE DE LA CATALOGACIÓN
Centro catalogador/agencia de origen DO-SdBNP
Lengua de catalogación spa
Centro/agencia transcriptor BNPHU
082 ## - NÚMERO DE LA CLASIFICACIÓN DECIMAL DEWEY
Número de clasificación xxx
Número de documento/Ítem xxx
100 1# - ENTRADA PRINCIPAL--NOMBRE DE PERSONA
Nombre de persona Lohmann Villena, Guillermo
9 (RLIN) 3144
245 14 - MENCIÓN DE TÍTULO
Título Los ministros de la Audencia de Lima en el Reinado de los Borbones (1700-1821) :
Resto del título esquema de un estudio sobre un núcleo dirigente /
Mención de responsabilidad, etc. Guillermo Lohmann Villena.
260 ## - PUBLICACIÓN, DISTRIBUCIÓN, ETC.
Lugar de publicación, distribución, etc. Sevilla :
Nombre del editor, distribuidor, etc. Escuela de Estudios Hispano-Americanos,
Fecha de publicación, distribución, etc. 1974.
300 ## - DESCRIPCIÓN FÍSICA
Extensión cxxiv, 200 p., :
Otras características físicas il. ;
Dimensiones 25 cm.
490 1# - MENCIÓN DE SERIE
Mención de serie Publicaciones de la Escuela de estudios hispano-americanos de Sevilla,
Designación de volumen o secuencia 222
500 ## - NOTA GENERAL
Nota general Incluye referencias bibliográficas y notas al pie de las páginas
830 #0 - PUNTO DE ACCESO ADICIONAL DE SERIE-TÍTULO UNIFORME
Título uniforme Publicaciones de la Escuela de estudios hispano-americanos de Sevilla,
Número de parte o sección de la obra 222
9 (RLIN) 68568
Holdings
Estado de retiro Estado de pérdida Restricciones de uso No para préstamo Código de colección Localización permanente Ubicación/localización actual Ubicación en estantería Fecha de adquisición Número de inventario Total de préstamos Signatura topográfica completa Código de barras Fecha visto por última vez Precio válido a partir de Tipo de ítem Koha
      Excluido de préstamo Monografías: Libros y Folletos General General En catalogación 16.10.2013 LF1   xxx xxx 41730-10 25.06.2020 25.06.2020 No se presta

Powered by Koha